LIBRARY & INFORMATION CENTRE, KCAET, TAVANUR

ONLINE PUBLIC ACCESS CATALOGUE (OPAC)

Laboratory Manual in Microbiology / (Record no. 5532)

MARC details
000 -LEADER
fixed length control field 00339cam a2200133ua 4500
020 ## - INTERNATIONAL STANDARD BOOK NUMBER
ISBN 81-224-0783-8
082 ## - DEWEY DECIMAL CLASSIFICATION NUMBER
Classification number 616.075
Item number GUN/LA
100 ## - MAIN ENTRY--AUTHOR NAME
Personal name Gunasekaran, P .
245 ## - TITLE STATEMENT
Title Laboratory Manual in Microbiology /
250 ## - EDITION STATEMENT
Edition statement 1 /
260 ## - PUBLICATION, DISTRIBUTION, ETC. (IMPRINT)
Place of publication New Delhi :
Name of publisher New Age International Ltd ,
Year of publication 1996.
300 ## - PHYSICAL DESCRIPTION
Number of Pages 138 ; .
942 ## - ADDED ENTRY ELEMENTS (KOHA)
Koha item type Reference
Holdings
Withdrawn status Lost status Damaged status Collection code Home library Current library Shelving location Date acquired Full call number Accession Number Koha item type
      Reference KAUAET KAUAET Reference 07/04/2012 616.075.GUN/LA 20416 Books
        KAUAET KAUAET General Stacks 07/04/2012 028.7257 GUN/LA 19969 Books
free website counter